Osiedla Łodzi - Statystyki

Ogólne statystyki
  • Ten quiz został rozwiązany 424 razy
  • Średni wynik to 26 z 56
Statystyki odpowiedzi
Hint Odpowiedź % Poprawnych
Polesie Retkinia
80%
Bałuty Teofilów
77%
Górna Chojny
76%
Widzew Olechów
74%
Śródmieście Centrum
72%
Śródmieście Fabryczna
70%
Bałuty Radogoszcz
70%
Górna Dąbrowa
69%
Bałuty Doły
67%
Górna Górniak
64%
Bałuty Marysin
64%
Widzew Zarzew
64%
Bałuty Stare Bałuty
63%
Polesie Stare Polesie
63%
Widzew Stary Widzew
61%
Widzew Stoki
58%
Widzew Widzew Wschód
57%
Bałuty Żabieniec
57%
Polesie Karolew
55%
Polesie Koziny
55%
Polesie Złotno
52%
Górna Kurak
51%
Widzew Nowosolna
51%
Górna Ruda Pabianicka
50%
Polesie Zdrowie
50%
Bałuty Julianów
49%
Śródmieście Radiostacja
49%
Bałuty Żubardź
49%
Widzew Andrzejów
48%
Bałuty Stare Miasto
48%
Bałuty Kochanówka
47%
Bałuty Łagiewniki
45%
Górna Rokicie
45%
Polesie Lublinek
43%
Bałuty Helenów
41%
Górna Wiskitno
40%
Górna Stare Chojny
39%
Górna Chocianowice
38%
Bałuty Teofilów Przemysłowy
37%
Widzew Niciarniana
35%
Polesie Smulsko
35%
Widzew Mileszki
33%
Widzew Fabryczna Widzew
32%
Widzew Sikawa
32%
Widzew Księży Młyn
31%
Bałuty Marysin Doły
31%
Polesie Politechniczna
30%
Polesie Brus
29%
Górna Nowe Rokicie
29%
Bałuty Rogi
25%
Bałuty Wzniesienia Łódzkie
24%
Widzew Feliksin
21%
Polesie Nowe Sady
18%
Bałuty Romanów
18%
Widzew Stare Moskule
17%
Górna Łaskowice
12%
Nie znaleziono quizów pasujących do podanych kryteriów
Rozkład punktacji
Procent ludzi z każdym wynikiem
Percentyl według liczby udzielonych odpowiedzi
Twoja historia wyników
Nie rozwiązałeś tego quizu